000 01449nam0a2200349 4500
001 RU\NLR\BIBL_A\022759325
005 20260517044125.0
010 _a978-5-00250-554-8
_95000
021 _aRU
_bКН-П-26-005451
_9КН-П-26-0531
035 _a(NLR Aleph) 022759325
090 _a13707030
_c13707030
100 _a20260319d2026 u y0rusy50 ca
101 0 _arus
102 _aRU
105 _aa z 000ay
181 0 _ai3
_baxxe
182 0 _an
200 1 _aТайна дома №12 на улице Флоретт
_eистория о шарфах, неблаговидных секретах и прожорливом монстре
_fВладимир Торин
_g[иллюстрации Ана Награни, Леттеринг Вера Голосова]
203 _aТекст
_aИзображение
_bвизуальные
_cнепосредственные
210 _aМосква
_cМИФ
_d2026
215 _a572, [3] с., [4] л. цв. ил.
_d21
225 1 _aТаинственные истории из Габена
225 1 _aФэнтези
333 _a16+
686 2 _aШ6(2=Р)8-445
700 1 _7ca
_8rus
_aТорин
_bВ.
_gВладимир
_977748
_3RU\NLR\AUTH\7794822
702 1 _4440
_7ca
_8rus
_aНаграни
_bА.
_f1996-
_gАна
_9256755
_3RU\NLR\AUTH\770256811
942 _cBOOK
980 _aNB